000 01309nam a2200253Ia 4500
003 Ost
005 20260507075229.0
008 260507s9999||||xx |||||||||||||| ||und||
020 _a42715299619
040 _cfsecg
041 _aara
082 _a330
100 _aغول، فرحات
_eمؤلف
245 0 _aالوجيز في إقتصاد المؤسسة /
_c فرحات غول
260 _aالجزائر:
_bدار الخلدونية,
_c2008
300 _a216 صفحة؛
_bإيضاحات ؛
_c24 سم
504 _aمراجع ص.202 ؛ أشكال ص.208 ؛ جداول ص213
520 _aمفاهيم أساسية حول المؤسسة الاقتصادية ، المدارس التنظيمية (تطور الفكر الاداري)، بيئة المؤسسة الاقتصادية ، تنظيم وهيكلة المؤسسة الاقتصادية ، الوظائف الرئيسية للمؤسسة الاقتصادية ، اتخاذ القرارات و نظم المعلومات في المؤسسة الاقتصادية ، مفاهيم أساسية حول الاستراتيجية في المؤسسة الاقتصادية .
653 _aإقتصاد المؤسسة
653 _aالاقتصاد
653 _aالمؤسسات الاقتصادية
653 _aالمؤسسة
942 _cكتاب
999 _c43551
_d43551